Проектирование информационной системы учета и анализа результатов адаптации и мотивации школьников; Молодежь и современные информационные технологии

গ্রন্থ-পঞ্জীর বিবরন
Parent link:Молодежь и современные информационные технологии.— 2019.— [С. 136-137]
প্রধান লেখক: Телипенко Е. В. Елена Викторовна
সংস্থা লেখক: Национальный исследовательский Томский политехнический университет Инженерная школа информационных технологий и робототехники Отделение информационных технологий
অন্যান্য লেখক: Антонов А. Р.
সংক্ষিপ্ত:Заглавие с титульного экрана
ভাষা:রুশ
প্রকাশিত: 2019
মালা:Компьютерное моделирование и интеллектуальный анализ данных
বিষয়গুলি:
অনলাইন ব্যবহার করুন:http://earchive.tpu.ru/handle/11683/52678
বিন্যাস: বৈদ্যুতিক গ্রন্থের অধ্যায়
KOHA link:https://koha.lib.tpu.ru/cgi-bin/koha/opac-detail.pl?biblionumber=629067

MARC

LEADER 00000naa2a2200000 4500
001 629067
005 20231228123049.0
035 |a (RuTPU)RU\TPU\conf\29509 
035 |a RU\TPU\conf\29508 
090 |a 629067 
100 |a 20190130d2019 k y0rusy50 ca 
101 0 |a rus 
102 |a RU 
105 |a y z 101zy 
135 |a drgn ---uucaa 
181 0 |a i  
182 0 |a b 
200 1 |a Проектирование информационной системы учета и анализа результатов адаптации и мотивации школьников  |f Е. В. Телипенко, А. Р. Антонов 
203 |a Текст  |c электронный 
225 1 |a Компьютерное моделирование и интеллектуальный анализ данных 
300 |a Заглавие с титульного экрана 
320 |a [Библиогр.: с. 137 (3 назв.)] 
463 0 |0 (RuTPU)RU\TPU\conf\29427  |t Молодежь и современные информационные технологии  |o сборник трудов XVI Международной научно-практической конференции студентов, аспирантов и молодых учёных, 3-7 декабря 2018 г., г. Томск  |f Национальный исследовательский Томский политехнический университет, Инженерная школа информационных технологий и робототехники ; под ред. Д. М. Сонькина [и др.]  |v [С. 136-137]  |d 2019 
610 1 |a электронный ресурс 
610 1 |a труды учёных ТПУ 
610 1 |a проектирование 
610 1 |a информационные системы 
610 1 |a учет 
610 1 |a результаты 
610 1 |a адаптация 
610 1 |a мотивация 
610 1 |a школьники 
610 1 |a психологическая диагностика 
700 1 |a Телипенко  |b Е. В.  |c специалист в области информатики и вычислительной техники  |c доцент Томского политехнического университета, кандидат технических наук  |f 1985-  |g Елена Викторовна  |3 (RuTPU)RU\TPU\pers\31448  |9 15610 
701 1 |a Антонов  |b А. Р. 
712 0 2 |a Национальный исследовательский Томский политехнический университет  |b Инженерная школа информационных технологий и робототехники  |b Отделение информационных технологий  |3 (RuTPU)RU\TPU\col\23515 
801 2 |a RU  |b 63413507  |c 20201229  |g RCR 
856 4 |u http://earchive.tpu.ru/handle/11683/52678 
942 |c BK